000 02122cab a2200313 ab4500
005 20240126091405.0
008 991125c2017 ck fr p o 000 0 spa d
024 3 _a10.21500/19002386.3104
035 _aUPN01000221026
040 _aMX-MxUPN
_bspa
_cMX-MxUPN
_eaacr2
049 _aART-E
100 1 _aObando, Diana
100 1 _udiana.obando@unisabana.edu.co
100 1 _aRomero, Johana
100 1 _aTrujillo, Angela
100 1 _uPrada, Manuel
245 1 0 _aEstudio epidemiológico de salud mental en población clínica de un centro de atención psicológica
_h[recurso electrónico en línea]
506 0 _aAcceso abierto
520 3 _aEl presente estudio tiene como objetivo la descripción de variables sociodemográficas, del tratamiento, principales categorías diagnósticas y prevalencia de trastornos mentales de la población atendida en un centro de psicología. Se analizaron las historias clínicas de los 1699 consultantes atendidos entre los años 2012 y 2015, por medio de las estadísticas de atención mensual del Centro. Entre los resultados más significativos, se identifican coincidencias con los perfiles epidemiológicos a nivel mundial y nacional. Sin embargo, se identificaron diferencias al analizar la información de acuerdo con los grupos de edad de los consultantes. Las principales categorías diagnósticas de la población estuvieron relacionadas con problemas académicos y con el grupo primario de apoyo. Los trastornos de la conducta fueron los más prevalentes en niños y adolescentes, mientras que en adultos prevalecieron trastornos internalizantes. Se discute la relevancia de los resultados en el contexto clínico. Psychologia.
650 2 _915459
_aTrastornos mentales
650 4 _916014
_aPsicodiagnóstico
653 0 _aIntervención terapéutica
653 0 _aDeserción del tratamiento
773 _gVol. 11, no. 1 (2017), p. 85-96
_tPsychologia : avances de la disciplina
_x1900-2386
856 4 _uhttp://revistas.usb.edu.co/index.php/Psychologia/article/view/3104/2599
902 _bLeonor Sotres/260124
905 _aArticulo
942 _cART-E
999 _c193125
_d193125